000 00275nam a2200109Ia 4500
008 190216s9999||||xx |||||||||||||| ||und||
100 _aHarry Michael
245 0 _aProduction Management
260 _bTata Mcgraw Hill Publishing Company Ltd
_c1972
300 _a77p
942 _cBK
999 _c4268
_d4268